| 000 | 01198nam a2200325Ia 4500 | ||
|---|---|---|---|
| 001 | ebr10251760 | ||
| 003 | CaPaEBR | ||
| 006 | m u | ||
| 007 | cr cn||||||||| | ||
| 008 | 080124s2008 caua s 001 0 eng d | ||
| 010 | _z 2008003640 | ||
| 020 | _z1593271646 | ||
| 020 | _z9781593271640 | ||
| 040 |
_aCaPaEBR _cCaPaEBR |
||
| 035 | _a(OCoLC)567991229 | ||
| 050 | 1 | 4 |
_aQA76.76.O63 _bW365173 2008eb |
| 082 | 0 | 4 |
_a005.4/4682 _222 |
| 100 | 1 | _aWang, Wally. | |
| 245 | 1 | 0 |
_aMy new Mac _h[electronic resource] : _b52 simple projects to get you started / _cWallace Wang. |
| 260 |
_aSan Francisco, CA : _bNo Starch Press, _cc2008. |
||
| 300 |
_axx, 451 p. : _bill. |
||
| 500 | _aIncludes index. | ||
| 533 |
_aElectronic reproduction. _bPalo Alto, Calif. : _cebrary, _d2009. _nAvailable via World Wide Web. _nAccess may be limited to ebrary affiliated libraries. |
||
| 630 | 0 | 0 | _aMac OS. |
| 650 | 0 |
_aMacintosh (Computer) _xProgramming. |
|
| 650 | 0 | _aOperating systems (Computers) | |
| 655 | 7 |
_aElectronic books. _2local |
|
| 710 | 2 | _aebrary, Inc. | |
| 856 | 4 | 0 |
_uhttp://site.ebrary.com/lib/rucke/Doc?id=10251760 _zAn electronic book accessible through the World Wide Web; click to view |
| 999 |
_c149250 _d149250 |
||